Circuit Systems Ltd and W J Basten v Zuke-Reduc (UK) Ltd (Record no. 67933)
[ view plain ]
| 000 -LEADER | |
|---|---|
| fixed length control field | 01231cam a2200229 4500 |
| 001 - CONTROL NUMBER | |
| control field | ABS64291 |
| 008 - FIXED-LENGTH DATA ELEMENTS--GENERAL INFORMATION | |
| fixed length control field | 010807n2001 000 0 eng u |
| 035 ## - SYSTEM CONTROL NUMBER | |
| System control number | (Sirsi) u113984 |
| 245 ## - TITLE STATEMENT | |
| Title | Circuit Systems Ltd and W J Basten v Zuke-Reduc (UK) Ltd |
| 260 ## - PUBLICATION, DISTRIBUTION, ETC. | |
| Date of publication, distribution, etc. | 2001 |
| 490 ## - SERIES STATEMENT | |
| Series statement | Building Law Reports |
| Volume/sequential designation | 6 [2001] 253-266(14) |
| 520 ## - SUMMARY, ETC. | |
| Summary, etc. | CA 21 March 2001. Basten (B) sought leave to appeal against a ruling in favour of the defendant (Z) who had applied under CPR 3.4(2)(b) to strike out a re-amended statement of claim. B also sought an extension of time to appeal. "Held": The applications were dismissed on the grounds that extending the time to appeal would serve no useful purpose; that the CA only had the power to interfere where the judge was clearly wrong in his approach or conclusions; and that the judge had exercised his discretion correctly in considering the overriding objectives of CPR and the history of the case. |
| 590 ## - LOCAL NOTE (RLIN) | |
| Local note | ABS |
| 650 ## - SUBJECT ADDED ENTRY--TOPICAL TERM | |
| Topical term or geographic name entry element | CIRCUIT SYSTEMS LTD AND BASTEN V ZUKEN-REDAC (UK) LTD |
| 650 ## - SUBJECT ADDED ENTRY--TOPICAL TERM | |
| Topical term or geographic name entry element | CIVIL PROCEDURE RULES |
| 650 ## - SUBJECT ADDED ENTRY--TOPICAL TERM | |
| Topical term or geographic name entry element | CIVIL PROCEDURE RULES PART 3.4(2)(C) |
| 650 ## - SUBJECT ADDED ENTRY--TOPICAL TERM | |
| Topical term or geographic name entry element | DISCRETION |
| 650 ## - SUBJECT ADDED ENTRY--TOPICAL TERM | |
| Topical term or geographic name entry element | FAILURE TO COMPLY |
| 650 ## - SUBJECT ADDED ENTRY--TOPICAL TERM | |
| Topical term or geographic name entry element | STRIKE OUT |
| 690 ## - LOCAL SUBJECT ADDED ENTRY--TOPICAL TERM (OCLC, RLIN) | |
| Topical term or geographic name as entry element | LAW |
| 942 ## - ADDED ENTRY ELEMENTS (KOHA) | |
| Suppress in OPAC | 0 |
| Withdrawn status | Lost status | Source of classification or shelving scheme | Damaged status | Not for loan | Home library | Current library | Shelving location | Date acquired | Total Checkouts | Full call number | Barcode | Date last seen | Copy number | Price effective from | Koha item type |
|---|---|---|---|---|---|---|---|---|---|---|---|---|---|---|---|
| Dewey Decimal Classification | London | London | Journal article | 07/08/2001 | ABS64291 | 113984-1001 | 06/08/2019 | 1 | 06/08/2019 | Law report |